[Event "POL-chT3 Dolnoslaskie 1415"]
[Site "Poland"]
[Date "2015.03.08"]
[Round "8.17"]
[White "Antkowiak, Grzegorz"]
[Black "Ilnicki, Tomasz"]
[Result "1-0"]
[WhiteElo "2191"]
[BlackElo "1496"]
[PlyCount "83"]
[EventDate "2014.10.26"]
[EventType "team-tourn"]
[EventRounds "11"]
[EventCountry "POL"]
[SourceTitle "EXT 2018"]
[Source "ChessBase"]
[SourceDate "2017.10.13"]
[SourceVersion "1"]
[SourceVersionDate "2017.10.13"]
[SourceQuality "1"]
[WhiteTeam "Gant Hetman"]
[BlackTeam "Lubin Miedziany Skoczek"]
[WhiteTeamCountry "POL"]
[BlackTeamCountry "POL"]

1. e4 e5 2. Nf3 Nf6 3. Nxe5 d6 4. Nf3 Nxe4 5. d4 d5 6. Bd3 Bf5 7. 0-0 Be7 8. c4 c6 9. Nc3 0-0 10. Qc2 Bg4 11. Nxe4 Bxf3 12. Ng3 Be4 13. Nxe4 dxe4 14. Bxe4 Qxd4 15. Be3 Qf6 16. Bxh7+ Kh8 17. Bf5 Na6 18. Rad1 Rad8 19. a3 Bc5 20. Bc1 Nc7 21. b4 Bd4 22. Rd3 g6 23. Rh3+ Kg8 24. Rg3 Kh7 25. Bd3 Ne6 26. Qd2 Rh8 27. Rf3 Qg7 28. h4 Kg8 29. g3 f5 30. c5 Nc7 31. Qa2+ Nd5 32. Re1 Kh7 33. h5 Rhf8 34. Qc2 gxh5 35. Bxf5+ Kh8 36. Kg2 Rf6 37. Rh1 Qf7 38. Bg5 Rg8 39. Bxf6+ Nxf6 40. Qd2 Rd8 41. Qh6+ Kg8 42. Rxh5 1-0

[Event "POL-chT3 Dolnoslaskie 1415"]
[Site "Poland"]
[Date "2014.10.26"]
[Round "1.7"]
[White "Dubinski, Mateusz"]
[Black "Ilnicki, Tomasz"]
[Result "1-0"]
[WhiteElo "2217"]
[BlackElo "1496"]
[PlyCount "52"]
[EventDate "2014.10.26"]
[EventType "team-tourn"]
[EventRounds "11"]
[EventCountry "POL"]
[SourceTitle "EXT 2018"]
[Source "ChessBase"]
[SourceDate "2017.10.13"]
[SourceVersion "1"]
[SourceVersionDate "2017.10.13"]
[SourceQuality "1"]
[WhiteTeam "Kopernik WKS"]
[BlackTeam "Lubin Miedziany Skoczek"]
[WhiteTeamCountry "POL"]
[BlackTeamCountry "POL"]

1. e4 c5 2. Nf3 d6 3. d4 cxd4 4. Nxd4 Nf6 5. Nc3 Bd7 6. Bg5 e5 7. Nf5 Bxf5 8. exf5 Be7 9. Qf3 Nc6 10. 0-0-0 a6 11. Be3 Qc7 12. g4 h6 13. h4 Rc8 14. g5 Nb4 15. Rd2 hxg5 16. hxg5 Rxh1 17. Qxh1 Ng4 18. Qh8+ Bf8 19. a3 Nxe3 20. fxe3 Nc6 21. f6 gxf6 22. Nd5 Qd7 23. Nxf6+ Ke7 24. Bh3 Rb8 25. Nxd7 Ra8 26. Rf2 Ke8 1-0

[Event "Wroclaw op-A 8th"]
[Site "Wroclaw"]
[Date "2013.07.09"]
[Round "9"]
[White "Ilnicki, Tomasz"]
[Black "Karpus, Michal"]
[Result "1/2-1/2"]
[WhiteElo "1399"]
[BlackElo "1764"]
[PlyCount "63"]
[EventDate "2013.07.01"]
[EventType "swiss"]
[EventRounds "9"]
[EventCountry "POL"]
[SourceTitle "CBM 155 Extra"]
[Source "ChessBase"]
[SourceDate "2013.08.26"]
[SourceVersion "1"]
[SourceVersionDate "2013.08.26"]
[SourceQuality "1"]

1. e4 e6 2. d4 d5 3. exd5 exd5 4. Nf3 Nf6 5. Be2 Bd6 6. 0-0 0-0 7. Bg5 Re8 8. Nbd2 Bf5 9. c3 Nbd7 10. Re1 c6 11. Nh4 Bg6 12. Nxg6 hxg6 13. Nf3 Qc7 14. h3 Ne4 15. Bd3 f5 16. Qb3 Ndf6 17. c4 dxc4 18. Bxc4+ Kh7 19. Rac1 Bh2+ 20. Kf1 Bf4 21. Bxf4 Qxf4 22. Kg1 Nd2 23. Nxd2 Qxd2 24. Qc3 Qf4 25. Bf7 Rf8 26. Re7 Rab8 27. Qe3 Qxe3 28. fxe3 Rfd8 29. Rc5 Rd7 30. Rce5 Rbd8 31. Kf1 Kh6 32. Ke2 1/2-1/2

[Event "Wroclaw op-A 8th"]
[Site "Wroclaw"]
[Date "2013.07.05"]
[Round "5"]
[White "Puszczewicz, Krzysztof"]
[Black "Ilnicki, Tomasz"]
[Result "1-0"]
[WhiteElo "2100"]
[BlackElo "1399"]
[PlyCount "93"]
[EventDate "2013.07.01"]
[EventType "swiss"]
[EventRounds "9"]
[EventCountry "POL"]
[SourceTitle "CBM 155 Extra"]
[Source "ChessBase"]
[SourceDate "2013.08.26"]
[SourceVersion "1"]
[SourceVersionDate "2013.08.26"]
[SourceQuality "1"]

1. d4 d5 2. Nf3 Nf6 3. Bf4 Bf5 4. h3 h6 5. e3 e6 6. Be2 Be7 7. 0-0 0-0 8. c4 c6 9. Nc3 Nbd7 10. Rc1 dxc4 11. Bxc4 Nb6 12. Be2 Bd6 13. Ne5 Nbd5 14. Bg3 Ne4 15. Nxe4 Bxe4 16. Bf3 Bxf3 17. Qxf3 Qf6 18. Qe2 Qe7 19. a3 Rac8 20. e4 Nb6 21. f4 Nd7 22. Qg4 Nf6 23. Qf3 Nd7 24. Qb3 Nxe5 25. dxe5 Bc7 26. Kh2 Bb6 27. Qf3 Kh7 28. Qg4 Qe8 29. Rcd1 Rd8 30. Bh4 Rd4 31. Qf3 Qd7 32. b4 a6 33. Rxd4 Qxd4 34. Bf2 Qd8 35. Rd1 Qc7 36. Bxb6 Qxb6 37. Rd7 Qb5 38. Qh5 Kg8 39. Qd1 Qb6 40. Qd2 Rc8 41. Rxf7 Rd8 42. Rd7 Rxd7 43. Qxd7 Qe3 44. Qxe6+ Kh8 45. Qc8+ Kh7 46. Qf5+ Kh8 47. e6 1-0